LIBRARY & INFORMATION CENTRE, KCAET, TAVANUR

ONLINE PUBLIC ACCESS CATALOGUE (OPAC)

Normal view MARC view
  • Jenet P. V

Entry Personal Name

Number of records used in: 1

001 - CONTROL NUMBER

  • control field: 3920

003 - CONTROL NUMBER IDENTIFIER

  • control field: OSt

005 - DATE AND TIME OF LATEST TRANSACTION

  • control field: 20181115144220.0

008 - FIXED-LENGTH DATA ELEMENTS

  • fixed length control field: 181115|| aca||aabn | a|a d

040 ## - CATALOGING SOURCE

  • Original cataloging agency: OSt
  • Transcribing agency: OSt

100 ## - HEADING--PERSONAL NAME

  • Personal name: Jenet P. V

670 ## - SOURCE DATA FOUND

  • Source citation: Work cat.: (OSt)15263: GOVINDAN S 3919, Design, fabrication and testing of a low cost green house
free website counter